Deutsche Städte - Plötzlicher Tod - Statistiken

Allgemein
  • Dieses Quiz wurde 946 mal gespielt
    122 seit der letzten Aktualisierung
  • Das Durchschnittsergebnis liegt bei 10 aus 14
Answers on the Grid
Answers color-coded by a green-red scale on the quiz's grid according to % correct below.
Mulhouse
Grevenmacher
Hamburg
Schaffhausen
Augsburg
Reims
Jena
Feldberg
Oldenburg
Wels
Biel
Worms
Magdeburg
Chemnitz
Triesen
Triesenberg
Bochum
Berwartstein
Nürnberg
Villach
Metz
Erfurt
Enschede
Wolfsburg
Kielce
Homburg
Kassel
Mechelen
Neuenburg
Bayreuth
 
Antwortstatistiken
Antwort % Korrekt
Hamburg
88%
Jena
82%
Bochum
78%
Erfurt
78%
Augsburg
76%
Chemnitz
74%
Kassel
73%
Oldenburg
73%
Nürnberg
72%
Magdeburg
71%
Worms
71%
Wolfsburg
68%
Homburg
65%
Bayreuth
63%
Keine übereinstimmenden Quizze gefunden
Verteilung der Resultate
Anzahl Personen mit jedem Resultat
Perzentil nach korrekt beantworteten Fragen
Ihre Resultats-Entwicklung
Sie haben dieses Quiz seit der letzten Aktualisierung nicht gespielt